| 000 | 00770nam a22001337a 4500 | ||
|---|---|---|---|
| 040 | _cRUA | ||
| 082 | _aVEM PRE 2015 B517 Or.1 | ||
| 100 | _aPRECH SOVANTHEARY; ព្រិច សុវណ្ណធារី | ||
| 245 | _aStudy on gumboro disease and antibidies of local chickens by using ha and hi test in teok vil commune, saang district, kamdal province, សិក្សាលើជំងឺ ហ្គុំបូរ៉ូ និងអង់ទីកររបស់ពូជមាន់ស្រែតាមរយៈតេស្ត HA និងHI ក្នុងឃុំទឹកវិល ស្រុកស្អាង ខេត្តកណ្ដាល | ||
| 260 |
_aRUA _bPRE _c2015 |
||
| 300 |
_aix,43p. _bill. _c29cm. |
||
| 856 | _uPRECH SOVANTHEARY | ||
| 942 | _cVEM | ||
| 999 |
_c10560 _d10560 |
||